|
|
|
|
| LEADER |
00000nlm0a2200000 4500 |
| 001 |
159805 |
| 005 |
20231031155351.0 |
| 035 |
|
|
|a (RuTPU)RU\TPU\book\173321
|
| 090 |
|
|
|a 159805
|
| 100 |
|
|
|a 20090514d1909 km y0rusy50 ca
|
| 101 |
0 |
|
|a rus
|
| 102 |
|
|
|a RU
|
| 105 |
|
|
|a y z 000zy
|
| 135 |
|
|
|a vrcn ---uucaa
|
| 181 |
|
0 |
|a i
|
| 182 |
|
0 |
|a b
|
| 200 |
1 |
|
|a Курс семейного права
|b Электронный ресурс
|f А. И. Загоровский
|
| 203 |
|
|
|a Текст
|c электронный
|
| 210 |
|
|
|a Одесса
|c Типография Акционерного Южно-Русского общества Печатного дела
|d 1909
|
| 230 |
|
|
|a 1 компьютерный файл (pdf; 155695 KB)
|
| 300 |
|
|
|a Заглавие с титульного экрана
|
| 300 |
|
|
|a Электронная версия печатной публикации
|
| 337 |
|
|
|a Adobe Reader
|
| 606 |
1 |
|
|a Семейное право
|2 stltpush
|3 (RuTPU)RU\TPU\subj\54562
|
| 610 |
1 |
|
|a семейное право
|
| 610 |
1 |
|
|a исторические очерки
|
| 610 |
1 |
|
|a семья
|
| 610 |
1 |
|
|a семейные отношения
|
| 610 |
1 |
|
|a брак
|
| 610 |
1 |
|
|a развод
|
| 610 |
1 |
|
|a семейные конфликты
|
| 610 |
1 |
|
|a семейные правоотношения
|
| 610 |
1 |
|
|a семейный уклад
|
| 610 |
1 |
|
|a родители
|
| 610 |
1 |
|
|a дети
|
| 610 |
1 |
|
|a опека
|
| 610 |
1 |
|
|a попечительство
|
| 610 |
1 |
|
|a электронный ресурс
|
| 686 |
|
|
|a Х624
|v LBC/SL-A
|2 rubbk
|
| 700 |
|
1 |
|a Загоровский
|b А. И.
|
| 801 |
|
1 |
|a RU
|b 63413507
|c 20090514
|g PSBO
|
| 801 |
|
2 |
|a RU
|b 63413507
|c 20091015
|g RCR
|
| 856 |
4 |
|
|u http://www.lib.tpu.ru/fulltext/m/2009/consultant/zagorovsky.pdf
|
| 942 |
|
|
|c CF
|